Cities Beginning with "X" on a Map - Statistics

General Stats
  • This quiz has been taken 493 times
  • The average score is 2 of 15
Answers on the Map
Answers color-coded by a green-red scale on the quiz's map according to % correct below.
 
Answer Stats
Country Pop. City % Correct
China 3,531,347 Xiamen
90%
Greece 48,221 Xanthi
26%
United States 25,976 Xenia
25%
Mozambique 127,366 Xai-Xai
18%
Germany 21,587 Xanten
15%
Uzbekistan 16,889 Xo`jaobod
15%
Mexico 407,885 Xochimilco
14%
China 1,034,081 Xiangyang
10%
Brazil 35,433 Xique Xique
6%
Mexico 356,352 Xico
4%
Malta 3,860 Xaghra
3%
Laos 38,992 Xam Nua
2%
Spain 30,691 Xirivella
2%
Somalia 12,500 Xuddur
2%
Azerbaijan 53,100 Xankandi
1%
No matching quizzes found
Score Distribution
Percent of People with Each Score
Percentile by Number Answered
Your Score History
You have not taken this quiz